| 000 | 00990cam a2200289 a 4500 | ||
|---|---|---|---|
| 999 |
_c41197 _d41197 |
||
| 001 | 16418576 | ||
| 003 | OSt | ||
| 005 | 20210706104020.0 | ||
| 008 | 100816s2011 flua 001 0 eng | ||
| 010 | _a 2010032407 | ||
| 020 | _a9781439851609 (hardback) | ||
| 020 | _a9780367577087 | ||
| 040 |
_aDLC _cDLC _dDLC |
||
| 042 | _apcc | ||
| 050 | 0 | 0 |
_aTN870 _b.C5117 2011 |
| 082 | 0 | 0 |
_a665.5 _222 _bCHA/F |
| 100 | 1 |
_aChaudhuri, Uttam Ray _98642 |
|
| 245 | 1 | 0 |
_aFundamentals of petroleum and petrochemical engineering / _cUttam Ray Chaudhuri. |
| 260 |
_aBoca Raton : _bCRC Press, _cc2011. |
||
| 300 |
_axxv, 385 p. : _bill. ; _c24 cm. |
||
| 490 | 0 |
_aChemical industries ; _v130 |
|
| 500 | _aIncludes index. | ||
| 650 | 0 | _aPetroleum engineering. | |
| 906 |
_a7 _bcbc _corignew _d1 _eecip _f20 _gy-gencatlg |
||
| 942 |
_2ddc _cBK _h665.5 _iCHA/F _k665.5 _mCHA/F |
||